Peidl Gyula október 11-én beszámolót tart Szegeden
Elmentve itt :
| Dokumentumtípus: | Cikk |
|---|---|
| Megjelent: |
1925-09-27
|
| Sorozat: | Délmagyarország
1 No. 104 |
| Kulcsszavak: | Peidl Gyula, Politikai élet Szeged 1925 |
| Online Access: | http://dmarchiv.bibl.u-szeged.hu/45762 |
| LEADER | 00449nab a2200145 i 4500 | ||
|---|---|---|---|
| 001 | delm45762 | ||
| 005 | 20180927131910.0 | ||
| 008 | 180927s1925 hu o 0|| hun d | ||
| 040 | |a SZTE Délmagyarország Archívum |b hun | ||
| 041 | |a hun | ||
| 245 | 0 | 0 | |a Peidl Gyula október 11-én beszámolót tart Szegeden |h [elektronikus dokumentum] |
| 260 | |c 1925-09-27 | ||
| 300 | |a 3 | ||
| 490 | 0 | |a Délmagyarország |v 1 No. 104 | |
| 695 | |a Peidl Gyula, Politikai élet Szeged 1925 | ||